La Reforma eclesiàstica i religiosa de la província eclesiàstica tarraconense al llarg de la baixa edat mitjana : a través dels qüestionaris de visita pastoral / estudi i edició a cura de Lluís Monjas Manso a través dels qüestionaris de visita pastoral / estudi i edició a cura de Lluís Monjas Manso

per Monjas Manso, Lluís

ISBN: 978-84-9779-644-6
Publicat: Barcelona : Fundació Noguera ; Lleida : Pagès , 2008
Descripció física: 365 p. ; 24 cm
Col·lecció: Estudis ; 43
Altres autors: Fundació Noguera

MARC

LEADER 00000nam a2200000Ia 4500
001 20459
008 160829s2008 xx 000 0 cat d
020 |a 978-84-9779-644-6 
080 |a H-3-58 
100 |a Monjas Manso, Lluís  |9 45691 
245 |a La Reforma eclesiàstica i religiosa de la província eclesiàstica tarraconense al llarg de la baixa edat mitjana :  |b  a través dels qüestionaris de visita pastoral / estudi i edició a cura de Lluís Monjas Manso 
260 |a Barcelona :  |b Fundació Noguera ; Lleida :  |b Pagès,  |c 2008 
300 |a 365 p. ;  |c 24 cm 
490 |a Estudis ; 43 
590 |a Bibliografia.  
590 |a Tesi doctoral dirigida per Josep M. Salrach, presentada a l'Institut Universitari d'Història Jaume Vicens Vives de la Universitat Pompeu Fabra 
650 |a Visites pastorals  |x Catalunya  |x Història   |9 45692 
650 |a Església Catòlica  |x Catalunya  |x Història  |9 45693 
700 |a Fundació Noguera   |9 70407 
901 |a Arxiu 
942 |n 1 
952 |0 0  |1 0  |4 0  |6 H358  |7 1  |9 52760  |a Arxiu  |b Arxiu  |d 2016-12-01  |l 0  |o H-3-58  |p 20459  |r 2016-12-01 00:00:00  |w 2016-12-01  |y ARXIU 
999 |c 56609  |d 56609